|
|
|
|
| LEADER |
00000nam0a2200000 4500 |
| 001 |
238883 |
| 005 |
20231101231633.0 |
| 035 |
|
|
|a (RuTPU)RU\TPU\book\260093
|
| 090 |
|
|
|a 238883
|
| 100 |
|
|
|a 20130531d1947 k y0rusy50 ca
|
| 101 |
1 |
|
|a rus
|c fre
|
| 102 |
|
|
|a RU
|
| 105 |
|
|
|a a z 001zy
|
| 200 |
1 |
|
|a Биохимическая эволюция
|e пер. с фр.
|f М. Флоркэн
|
| 210 |
|
|
|a Москва
|c Изд-во иностранной литературы
|d 1947
|
| 215 |
|
|
|a 176 с.
|c ил.
|
| 320 |
|
|
|a Указатель авторов: с. 171-175.
|
| 330 |
|
|
|a Автор ставит себе задачей в этой небольшой книге осветить биохимическую сторону эволюции и классификации животных, показав, что имеются биохимические систематические признаки. Возможность присовокупить к зоологической классификации, разработанной морфологами, классификацию биохимического порядка не может считаться очевидной a priori. Если такая возможность будет доказана, это укрепит позиции тех, кто в изменчивости форм животных видит выра жение их биохимических различий. Вместе с тем это будет содействовать изучению эволюции животных в биохимическом плане, а также освобождению эволюционной теории от неясных и более или менее теологических концепций, загромождающих ее. Речь идет о разработке принципов установления иерархии биохимических признаков, которые лежат в основе различий многоклеточных организмов. В книге этому предпосылается обсуждение единства основного биохимического плана строения животных, которое служит новым аргументом в пользу органического единства вообще и, следовательно, в пользу эволюционной теории. Последняя глава резюмирует некоторые, пока еще гипотетические выводы, указывающие на характер заач, ожидающих сроего разрешения. К этим выводам каждый, конечно, вправе относиться по своему усмотрению.
|
| 606 |
1 |
|
|a Эволюционная биохимия
|2 stltpush
|3 (RuTPU)RU\TPU\subj\26481
|9 50398
|
| 610 |
1 |
|
|a животные
|
| 610 |
1 |
|
|a биохимические различия
|
| 610 |
1 |
|
|a составные части
|
| 610 |
1 |
|
|a эволюция
|
| 610 |
1 |
|
|a биохимические системы
|
| 610 |
1 |
|
|a биохимические адаптации
|
| 610 |
1 |
|
|a анатомические признаки
|
| 610 |
1 |
|
|a физиологические признаки
|
| 610 |
1 |
|
|a экологические признаки
|
| 610 |
1 |
|
|a перспективы
|
| 675 |
|
|
|a 575.8
|v 3
|
| 700 |
|
1 |
|a Флоркэн
|b М.
|g Марсель
|
| 801 |
|
1 |
|a RU
|b 63413507
|c 20130531
|
| 801 |
|
2 |
|a RU
|b 63413507
|c 20130613
|g RCR
|
| 942 |
|
|
|c BK
|